Putting culture on the Map: Media discourse and the urban growth machine in koreatown, los angeles (Record no. 514641)

000 -LEADER
fixed length control field 01473nam a22001577a 4500
008 - FIXED-LENGTH DATA ELEMENTS--GENERAL INFORMATION
fixed length control field 201125b ||||| |||| 00| 0 eng d
100 ## - MAIN ENTRY--PERSONAL NAME
Personal name Collins, Brady.
245 ## - TITLE STATEMENT
Title Putting culture on the Map: Media discourse and the urban growth machine in koreatown, los angeles
260 ## - PUBLICATION, DISTRIBUTION, ETC. (IMPRINT)
Place of publication, distribution, etc Urban Affairs Review
300 ## - PHYSICAL DESCRIPTION
Extent 56(1), Jan, 2020: p.254-288
520 ## - SUMMARY, ETC.
Summary, etc In today’s postindustrial economy, the extent to which cities and neighborhoods can develop and promote their cultural assets has become a key strategy for maintaining competitiveness by attracting tourism, investment, and job and population growth. These cultural modes of urban development fit the logic of the urban growth machine, in that they foster ideologies of place to encourage investment and enhance the profitability of the local economic base. This article examines the often-neglected role of the local newspaper in this process by focusing on how the Los Angeles Times represents one neighborhood—Koreatown, Los Angeles—over an approximately forty-year period. Through critical discourse analysis, this article unpacks four discursive frames used by the local newspaper and analyzes how these frames commodify cultural communities for consumption by the urban elite. – Reproduced
650 ## - SUBJECT ADDED ENTRY--TOPICAL TERM
Topical term or geographic name as entry element Media discourse, Urban growth machine, Cultural economy, Gentrification, Urban development
9 (RLIN) 19462
773 ## - HOST ITEM ENTRY
Main entry heading Urban Affairs Review
906 ## - LOCAL DATA ELEMENT F, LDF (RLIN)
Subject DIP URBAN DEVELOPMENT
942 ## - ADDED ENTRY ELEMENTS (KOHA)
Item type Articles
Holdings
Withdrawn status Lost status Source of classification or shelving scheme Damaged status Not for loan Permanent location Current location Date acquired Serial Enumeration / chronology Barcode Date last seen Koha item type
          Indian Institute of Public Administration Indian Institute of Public Administration 2020-11-25 56(1), Jan, 2020: p.254-288 AR124124 2020-11-25 Articles

Powered by Koha